Supercar quiz - Statistics

General Stats
  • This quiz has been taken 235 times
  • The average score is 12 of 12
Answer Stats
Picture Answer % Correct
Bugatti
100%
Ferrari
100%
McLaren
100%
Porsche
100%
BMW
99%
Lamborghini
99%
Maserati
99%
Pagani
97%
Aston Martin
96%
Corvette
96%
Koenigsegg
91%
Lotus
87%
No matching quizzes found
Score Distribution
Percent of People with Each Score
Percentile by Number Answered
Your Score History
You have not taken this quiz